Vademecum di Teologia Morale
Saved in:
| Hovedforfatter: | |
|---|---|
| Format: | Bog |
| Sprog: | italiensk |
| Udgivet: |
Ciudad del Vaticano
Libreria Editrice Vaticana
1996
|
| Udgivelse: | 1a. ed |
| Fag: | |
| Tags: |
Tilføj Tag
Ingen Tags, Vær først til at tagge denne postø!
|
MARC
| LEADER | 00000nam a2200000 a 4500 | ||
|---|---|---|---|
| 001 | UCG0483 | ||
| 003 | CL-VaPUC | ||
| 008 | 100325e19960000VC |||||||||||||||||ita|d | ||
| 020 | |a 8820921693 | ||
| 082 | 0 | 4 | |a 241 |b CAP |2 21 |
| 100 | 0 | |a Cappelluti, Gerardo |e author |9 547915 | |
| 245 | 1 | 0 | |a Vademecum di Teologia Morale |
| 250 | |a 1a. ed | ||
| 300 | |a 195 p | ||
| 942 | |c BK | ||
| 945 | |d 20100325 00:00:00 |a cmena | ||
| 260 | |a Ciudad del Vaticano |b Libreria Editrice Vaticana |c 1996 | ||
| 650 | 0 | |a Teología moral |9 256617 | |
| 650 | 0 | |a Vicio y pecado |9 547916 | |
| 650 | 0 | |a Virtud y vicio |9 310637 | |
| 650 | 0 | |a Sacramentos |9 257270 | |
| 650 | 0 | |a Derecho eclesiástico |9 255055 | |
| 583 | |a last modification |c 20121217 09:24:51 |k Rodrigo Vera | ||
| 999 | |c 340105 |d 340103 | ||
| 952 | |0 0 |1 0 |4 0 |6 241_000000000000000_CAP_1996 |7 0 |8 A |9 434616 |a BIBDER |b BIBDER |d 2019-11-22 |i 465627K |o 241 CAP 1996 |p 465627K |r 2023-01-25 |w 2019-11-22 |y BK |k DER | ||